000 00998nam a2200229 a 4500
001 000354852
003 AM-YeHGA
005 20250618072220.0
008 040726s1978 ai 000 | rus d
040 _aAM-YeHGA
041 0 _arus
100 1 _aԱմիրխանյան, Միքայել Դավթի,
_d1932-
_92138
245 1 0 _aАрмения в русской литературе XX века /
_cМ.Д.Амирханян; Под ред. С.К.Дароняна.
260 _aЕреван :
_bО-во " Знание " АрмССР,
_c1978.
300 _a44,[4] с. ;
_c20 см.
440 0 _aВ помощь лектору / О-во " Знание " Арм. ССР
504 _aБиблиогр. в подстроч. примеч.
650 1 4 _aАрмения
_xРусская литература
_dXX век
700 1 _aԴարոնյան, Սերգեյ Կարպի,
_d1925-1990
_eред.
_4edt
_92555
710 2 _aОбщество " Знание " Армянской ССР
090 _c137363
999 _c135992
_d135992